000 00358 a2200121 4500
001 ART_12751
005 20260410161733.0
008 260409a
245 1 0 _a1988 ¿el último de los peores años?
100 1 _aExpósito, David
700 1 _aSzewach, Enrique
773 0 _tEjecutivos de finanzas
_g- Año 6, Nº 45 (may. 1988)
_wREV2863
999 _c18003
_d18003